000 00525nmm a2200169Ia 4500
008 251105s9999||||xx |||||||||||||||||und||
020 _a9788446040002
041 _aspa
100 _aAnderson, Perry
245 0 _aImperium et Consilium : la política exterior norteamericana y sus teóricos
264 _a[Madrid, España] :
_bAkal,
_c2014
300 _a256 páginas
490 _aPensamiento crítico
650 _aPolitical Science (General)
856 _uhttps://public.digitaliapublishing.com/a/37674
942 _cCF
999 _c82994
_d82994